00437nam a22001697a 450000500170000001000150001702000260003203500140005803700090007208200160008110000170009724500290011426000430014327000560018630000220024270000030026420240828124115.0 aENG-141494 c875.00a9789389810639 aEN-125026 bDBAD a2392TWELVE aCharan singh aThe Path /cCharan singh aPunjabbRadha Soami Satsang Beasc2024 bPunjabaDera Baba Jaimal Singh Punjab Indiae143204 a174 p.c22 cm(Pb)